[Event "FB1 TuRa Harksheide - SC 1957 Bad Köni"]
[Site "?"]
[Date "2023.03.11"]
[Round "7.6"]
[White "Foos, Vanessa"]
[Black "Grineva, Marianna"]
[Result "0-1"]
[WhiteElo "1339"]
[BlackElo "2006"]
[PlyCount "74"]
[EventDate "2023.??.??"]

1. d4 f5 2. c4 Nf6 3. Nc3 g6 4. e3 Bg7 5. Nf3 O-O 6. Bd3 c6 7. O-O d5 8. b3 Be6 9. Ng5 Qd7 10. Na4 b6 11. c5 b5 12. Nc3 h6 13. Nxe6 Qxe6 14. Ne2 Nbd7 15. Nf4 Qf7 16. Bb2 g5 17. Ne2 e6 18. Ng3 h5 19. Be2 h4 20. Nh5 Bh6 21. Nxf6+ Nxf6 22. a4 a6 23. f3 Qg7 24. axb5 axb5 25. Rxa8 Rxa8 26. Qd3 g4 27. f4 Ne4 28. Ra1 Rxa1+ 29. Bxa1 Qa7 30. Qb1 Qa5 31. Qc1 Bg7 32. Bd3 Nxc5 33. Qxc5 Qe1+ 34. Bf1 Qxe3+ 35. Kh1 Qe1 36. Kg1 Qxa1 37. Qxc6 Bxd4+ 0-1

[Event "FB1 2223 SV Hemer 1932 - OSG Baden-Baden"]
[Site "?"]
[Date "2023.03.12"]
[Round "8.1"]
[White "Kosteniuk, Alexandra"]
[Black "Cosma, Elena-Luminita"]
[Result "1-0"]
[WhiteElo "2536"]
[BlackElo "2227"]
[PlyCount "69"]
[EventDate "2023.??.??"]

1. e4 e6 2. d4 d5 3. e5 c5 4. c3 Nc6 5. Nf3 Bd7 6. Be2 Nge7 7. Na3 cxd4 8. cxd4 Nf5 9. Nc2 Nb4 10. O-O Nxc2 11. Qxc2 Qb6 12. Qd3 a6 13. Bd2 Be7 14. a4 a5 15. g4 Nh6 16. Ng5 Rc8 17. Rfc1 Rxc1+ 18. Rxc1 Bc6 19. b3 Kd7 20. h4 Qd8 21. Kg2 Bb4 22. Bf4 Qg8 23. Qe3 Qf8 24. f3 Ng8 25. Bd3 h6 26. Nh3 Ne7 27. Bg3 g6 28. Nf4 Qg7 29. Be2 h5 30. Nd3 hxg4 31. fxg4 Nc8 32. Nxb4 axb4 33. Rf1 Rh7 34. Bd3 Ne7 35. Qd2 1-0

[Event "FB1 2223 SV Hemer 1932 - OSG Baden-Baden"]
[Site "?"]
[Date "2023.03.12"]
[Round "8.2"]
[White "Voicu-Jagodzinsky, Carmen"]
[Black "Paehtz, Elisabeth"]
[Result "0-1"]
[WhiteElo "2293"]
[BlackElo "2474"]
[PlyCount "44"]
[EventDate "2023.??.??"]

1. e4 e6 2. d3 d5 3. Nd2 Nf6 4. Ngf3 b6 5. g3 dxe4 6. dxe4 Bb7 7. Bg2 Nxe4 8. Ne5 Nxf2 9. Qe2 Bxg2 10. Nxf7 Qf6 11. Rg1 Qxf7 12. Rxg2 Nh3 13. Nc4 Bb4+ 14. c3 Bd6 15. Qe4 O-O 16. Nxd6 cxd6 17. Qxa8 Qf1+ 18. Kd2 Nf2 19. Rxf2 Rxf2+ 20. Ke3 Qe2+ 21. Kd4 e5+ 22. Kd5 Qf3+ 0-1

[Event "FB1 2223 SV Hemer 1932 - OSG Baden-Baden"]
[Site "?"]
[Date "2023.03.12"]
[Round "8.4"]
[White "Hess, Olena"]
[Black "Heinemann, Josefine"]
[Result "1/2-1/2"]
[WhiteElo "2054"]
[BlackElo "2343"]
[PlyCount "114"]
[EventDate "2023.??.??"]

1. Nf3 d5 2. d4 Nf6 3. c4 e6 4. g3 Bb4+ 5. Bd2 Be7 6. Qc2 O-O 7. Bg2 c6 8. O-O Nbd7 9. Bf4 b6 10. Nbd2 Ba6 11. Rfe1 Nh5 12. cxd5 Nxf4 13. gxf4 cxd5 14. Qa4 Bb7 15. Ne5 Nb8 16. Rac1 f6 17. Nef3 Bd6 18. e3 a6 19. a3 Qe8 20. Qxe8 Rxe8 21. Nb1 Nd7 22. Nc3 g6 23. Na4 Rac8 24. Nc3 Kf7 25. Na2 h6 26. Rxc8 Rxc8 27. Rc1 Re8 28. Nc3 g5 29. Ne2 Rg8 30. fxg5 hxg5 31. Ng3 f5 32. Ne1 Rh8 33. Nd3 f4 34. Nf1 Kf6 35. h3 Kf5 36. Nh2 Nb8 37. Ng4 Nc6 38. Bf1 e5 39. dxe5 Nxe5 40. Ndxe5 Bxe5 41. Nxe5 Kxe5 42. Rc7 Bc8 43. Re7+ Kf6 44. Ra7 b5 45. Ra8 fxe3 46. fxe3 Re8 47. Kf2 Ke7 48. Bg2 Kd6 49. b4 Kc6 50. Bf3 Kb7 51. Bxd5+ Kc7 52. e4 Rf8+ 53. Kg3 Rf1 54. Ra7+ Kd6 55. Rg7 Ra1 56. Rxg5 Rxa3+ 57. Kf4 Bxh3 1/2-1/2

[Event "FB1 2223 SV Hemer 1932 - OSG Baden-Baden"]
[Site "?"]
[Date "2023.03.12"]
[Round "8.5"]
[White "Kachiani-Gersinska, Ketino"]
[Black "Frey, Alisa"]
[Result "1/2-1/2"]
[WhiteElo "2317"]
[BlackElo "1996"]
[PlyCount "133"]
[EventDate "2023.??.??"]

1. Nf3 d5 2. e3 Nf6 3. c4 dxc4 4. Bxc4 e6 5. O-O a6 6. Qe2 c5 7. Rd1 Qc7 8. d4 b5 9. Bb3 Bb7 10. a4 c4 11. Bc2 Nbd7 12. axb5 axb5 13. Rxa8+ Bxa8 14. Nc3 Bc6 15. e4 b4 16. d5 bxc3 17. dxc6 Qxc6 18. Nd4 Qa6 19. bxc3 Bc5 20. Bg5 O-O 21. h4 Rb8 22. h5 Rb2 23. e5 Nd5 24. Bxh7+ Kxh7 25. Qxb2 Nxe5 26. Ra1 Qd6 27. Qc2+ Nd3 28. Ra4 Qe5 29. Rxc4 Qe1+ 30. Kh2 Bd6+ 31. g3 Qxf2+ 32. Qxf2 Nxf2 33. Nb5 Be5 34. Kg2 Nd1 35. Kf3 N1xc3 36. Nxc3 Bxc3 37. Rc8 Bb4 38. Rd8 Ba3 39. g4 Bb4 40. Bc1 f6 41. g5 fxg5 42. Bxg5 Nf6 43. Rb8 Bc3 44. Rc8 Bd4 45. Rc4 e5 46. Bxf6 gxf6 47. Kg4 Be3 48. Rc7+ Kh6 49. Rf7 Bg5 50. Kf5 Bh4 51. Rf8 Kg7 52. Ra8 Bg5 53. Ra4 Kh6 54. Ra7 Bh4 55. Rf7 Bg5 56. Kg4 e4 57. Kf5 e3 58. Re7 Kxh5 59. Rh7+ Bh6 60. Rh8 Kh4 61. Rxh6+ Kg3 62. Rh1 Kg2 63. Ra1 e2 64. Ke4 Kf2 65. Kf5 e1=Q 66. Rxe1 Kxe1 67. Kxf6 1/2-1/2

[Event "FB1 2223 SV Hemer 1932 - OSG Baden-Baden"]
[Site "?"]
[Date "2023.03.12"]
[Round "8.6"]
[White "Dartmann Aubanell, Catriona"]
[Black "Tammert, Iamze"]
[Result "0-1"]
[WhiteElo "1883"]
[BlackElo "2282"]
[PlyCount "72"]
[EventDate "2023.??.??"]

1. e4 c5 2. Nf3 Nf6 3. e5 Nd5 4. c3 Nc6 5. d4 cxd4 6. cxd4 d6 7. Bc4 e6 8. O-O Be7 9. a3 a6 10. Qc2 h6 11. Re1 Nb6 12. Bd3 Bd7 13. Nc3 d5 14. b4 Rc8 15. Qd2 Na7 16. Ne2 Bb5 17. Nf4 Bc4 18. Bc2 g5 19. Nh5 g4 20. Qf4 gxf3 21. Ng7+ Kd7 22. Qxf7 Qg8 23. Qg6 Bf8 24. Bxh6 Rxh6 25. Qxh6 Qxg7 26. Qxg7+ Bxg7 27. gxf3 Bh6 28. Kh1 Nb5 29. Rg1 Nxd4 30. Bd1 Rh8 31. Rg4 Nc6 32. f4 Rf8 33. Rg6 Bxf4 34. Rf6 Rxf6 35. exf6 Be5 36. f7 Ke7 0-1

[Event "FB1 2223 SG Solingen - Schachfreunde Dei"]
[Site "?"]
[Date "2023.03.12"]
[Round "8.1"]
[White "Klek, Hanna Marie"]
[Black "Gaponenko, Inna"]
[Result "1-0"]
[WhiteElo "2314"]
[BlackElo "2349"]
[PlyCount "85"]
[EventDate "2023.??.??"]

1. e4 c5 2. Nf3 Nc6 3. d4 cxd4 4. Nxd4 g6 5. c4 Nf6 6. Nc3 d6 7. Be2 Nxd4 8. Qxd4 Bg7 9. Be3 O-O 10. Qd2 Be6 11. Rc1 Qa5 12. f3 Rfc8 13. b3 a6 14. Na4 Qxd2+ 15. Kxd2 Nd7 16. g4 f5 17. exf5 gxf5 18. h3 Rf8 19. f4 Rad8 20. Bf3 b5 21. cxb5 axb5 22. Nc3 fxg4 23. hxg4 Bxc3+ 24. Rxc3 Ne5 25. Be4 Nxg4 26. Bxh7+ Kf7 27. Bd4 Bd5 28. Rg1 Nf6 29. Bg6+ Ke6 30. Rc7 Be4 31. Bxf6 Rxf6 32. Bxe4 Rxf4 33. Ke3 Rdf8 34. Rb7 Rf2 35. Rg6+ R2f6 36. Rxf6+ Kxf6 37. Rxb5 e6 38. a4 Rh8 39. a5 d5 40. Bf3 Ke5 41. a6 Kd6 42. Rb6+ Kd7 43. Bg4 1-0

[Event "FB1 2223 SG Solingen - Schachfreunde Dei"]
[Site "?"]
[Date "2023.03.12"]
[Round "8.2"]
[White "Muetsch, Annmarie"]
[Black "Schleining, Zoya"]
[Result "0-1"]
[WhiteElo "2251"]
[BlackElo "2325"]
[PlyCount "98"]
[EventDate "2023.??.??"]

1. d4 d5 2. Bg5 h6 3. Bh4 c6 4. e3 Qb6 5. b3 e5 6. Nf3 Bg4 7. Be2 Bxf3 8. Bxf3 Nd7 9. O-O Be7 10. Bxe7 Nxe7 11. Bg4 exd4 12. exd4 Nf6 13. Re1 Qc7 14. Be2 O-O 15. Bd3 Rae8 16. Nd2 Nc8 17. Rxe8 Rxe8 18. Nf3 Nd6 19. c4 dxc4 20. bxc4 c5 21. d5 Qa5 22. Qd2 Qxd2 23. Nxd2 Nd7 24. Rb1 Kf8 25. g3 Re7 26. Kf1 Ke8 27. f4 Kd8 28. Re1 Nb6 29. Re5 Na4 30. Kf2 f6 31. Rxe7 Kxe7 32. Kf3 a6 33. a3 Nb2 34. Bf1 b5 35. Nb3 Nbxc4 36. Nxc5 a5 37. a4 Nd2+ 38. Ke2 Nxf1 39. Kxf1 bxa4 40. Nxa4 Nc4 41. Ke2 Kd6 42. Nc3 Nb6 43. Kd3 Nxd5 44. Ne4+ Kc6 45. f5 a4 46. Kc4 Ne3+ 47. Kb4 Nxf5 48. Kxa4 Kd5 49. Nc3+ Ke5 0-1

[Event "FB1 2223 SG Solingen - Schachfreunde Dei"]
[Site "?"]
[Date "2023.03.12"]
[Round "8.3"]
[White "Rapport, Jovana"]
[Black "Zozulia, Anna"]
[Result "1/2-1/2"]
[WhiteElo "2327"]
[BlackElo "2236"]
[PlyCount "119"]
[EventDate "2023.??.??"]

1. e4 g6 2. d4 Bg7 3. Nf3 d6 4. Be2 Nf6 5. Nc3 c6 6. O-O O-O 7. h3 Nbd7 8. e5 Ne8 9. Re1 dxe5 10. dxe5 Nc7 11. Bf4 Nb6 12. Qc1 Ncd5 13. Nxd5 Nxd5 14. Bh6 b5 15. c4 bxc4 16. Bxc4 Re8 17. Bxg7 Kxg7 18. Bb3 Qb6 19. Ng5 h6 20. Ne4 Bf5 21. Nc5 Rad8 22. e6 Bxe6 23. Nxe6+ fxe6 24. Rxe6 Rd6 25. Qe1 Rxe6 26. Qxe6 Rf8 27. Rf1 Qc5 28. g3 Rf6 29. Qe4 a5 30. Kg2 Kf8 31. Qe2 Qb4 32. Rd1 Qc5 33. Qd2 Kg7 34. Qd4 Qxd4 35. Rxd4 Nb6 36. Re4 Kf8 37. Re5 Rf5 38. Rxf5+ gxf5 39. Be6 Na4 40. b3 Nc3 41. a4 f4 42. Kf3 fxg3 43. fxg3 Kg7 44. Bd7 c5 45. Bc6 Na2 46. Ke3 Kf6 47. h4 Ke5 48. Be4 Nc3 49. Bf3 c4 50. bxc4 Nxa4 51. Kd3 Nc5+ 52. Kc3 Ne6 53. Bd1 Nc5 54. Bc2 a4 55. g4 a3 56. g5 hxg5 57. hxg5 Ne6 58. g6 Kf6 59. Bb1 a2 60. Bxa2 1/2-1/2

[Event "FB1 2223 SG Solingen - Schachfreunde Dei"]
[Site "?"]
[Date "2023.03.12"]
[Round "8.4"]
[White "Muedder, Melanie"]
[Black "Nebolsina, Vera"]
[Result "1/2-1/2"]
[WhiteElo "1853"]
[BlackElo "2226"]
[PlyCount "60"]
[EventDate "2023.??.??"]

1. d4 Nf6 2. Bf4 g6 3. Nc3 d5 4. e3 Bg7 5. Nb5 Na6 6. Nc3 O-O 7. Bxa6 bxa6 8. Be5 Rb8 9. b3 Re8 10. Nf3 Bf8 11. h3 e6 12. O-O Bb4 13. Qd3 a5 14. Na4 Ne4 15. c4 Bd7 16. Rfc1 Bxa4 17. bxa4 Bd6 18. cxd5 exd5 19. Rab1 Qd7 20. Rb5 c6 21. Bxd6 Qxd6 22. Rxb8 Rxb8 23. Qa6 Rb2 24. Rf1 Qa3 25. Qxc6 Qxa2 26. Qe8+ Kg7 27. Qe5+ Kg8 28. Qe8+ Kg7 29. Qe5+ Kg8 30. Qe8+ Kg7 1/2-1/2

[Event "FB1 2223 SG Solingen - Schachfreunde Dei"]
[Site "?"]
[Date "2023.03.12"]
[Round "8.5"]
[White "Jelica, Mara"]
[Black "Sereda, Yaroslava"]
[Result "1/2-1/2"]
[WhiteElo "2081"]
[BlackElo "1896"]
[PlyCount "77"]
[EventDate "2023.??.??"]

1. e4 c5 2. Nc3 Nc6 3. f4 g6 4. Nf3 Bg7 5. Bb5 Nd4 6. Nxd4 cxd4 7. Ne2 e6 8. O-O Ne7 9. Kh1 O-O 10. c3 dxc3 11. bxc3 a6 12. Ba4 b5 13. Bc2 b4 14. f5 Nc6 15. Bb2 Na5 16. d3 d5 17. fxg6 hxg6 18. exd5 Qxd5 19. Nf4 Qg5 20. d4 bxc3 21. Bxc3 Bb7 22. Qe2 Rac8 23. Bxa5 Qxa5 24. Nxg6 Rxc2 25. Ne7+ Kh8 26. Qxc2 Qg5 27. Nc6 Rc8 28. Rxf7 Bxc6 29. Raf1 Bb7 30. Qe2 Bd5 31. R7f4 Qg6 32. R4f2 Bxd4 33. Rf8+ Rxf8 34. Rxf8+ Kg7 35. Rf4 Qb1+ 36. Rf1 Qg6 37. Rf4 Qb1+ 38. Rf1 Qg6 39. Rf4 1/2-1/2

[Event "FB1 2223 SG Solingen - Schachfreunde Dei"]
[Site "?"]
[Date "2023.03.12"]
[Round "8.6"]
[White "Fetahovic, Sarah"]
[Black "Noppes, Marina"]
[Result "0-1"]
[WhiteElo "1367"]
[BlackElo "1920"]
[PlyCount "62"]
[EventDate "2023.??.??"]

1. e4 c5 2. Nf3 a6 3. b3 d6 4. Nc3 Nf6 5. Bb2 Nc6 6. h3 b5 7. Qe2 Qc7 8. a4 Nb4 9. Kd1 bxa4 10. Rxa4 Bd7 11. Ra1 Bc6 12. Qe3 Qb7 13. d3 Rb8 14. Be2 Nxc2 15. Kxc2 Qxb3+ 16. Kd2 Qxb2+ 17. Ke1 Qxc3+ 18. Qd2 Qxa1+ 19. Bd1 Rb2 20. Qe3 Ba4 21. Kf1 Rb1 22. Ne1 Rxd1 23. e5 Bb5 24. Ke2 Nd5 25. Qf3 Nc3+ 26. Ke3 Rxe1+ 27. Kf4 Qa4+ 28. Kg3 Ne2+ 29. Kh2 Rxh1+ 30. Kxh1 Qd1+ 31. Kh2 Qg1# {0-} 0-1

[Event "FB1 2223 SV Weißblau Allianz Leipzig - "]
[Site "?"]
[Date "2023.03.12"]
[Round "8.1"]
[White "Exler, Veronika"]
[Black "Cyfka, Karina"]
[Result "1/2-1/2"]
[WhiteElo "2123"]
[BlackElo "2350"]
[PlyCount "87"]
[EventDate "2023.??.??"]

1. e4 e5 2. Nf3 Nc6 3. d4 exd4 4. Bc4 Nf6 5. e5 d5 6. Bb5 Ne4 7. Nxd4 Bd7 8. Bxc6 bxc6 9. O-O Bc5 10. f3 Ng5 11. f4 Ne4 12. Be3 Bb6 13. Nd2 Nxd2 14. Qxd2 c5 15. Nf3 d4 16. Bf2 Bc6 17. Bh4 Qd7 18. c4 O-O 19. b3 Rae8 20. a4 a5 21. Rae1 f6 22. exf6 gxf6 23. Qf2 Qf5 24. Nd2 Kf7 25. Nf3 Rg8 26. Bg3 Rxe1 27. Rxe1 Re8 28. Rxe8 Kxe8 29. Qe2+ Kd7 30. Kf2 Kc8 31. Nd2 h5 32. Ke1 Kd7 33. Kd1 Qg4 34. Qxg4+ hxg4 35. Bh4 Ke6 36. g3 Bh1 37. Ke2 c6 38. Kf2 Kf5 39. Kg1 Be4 40. Bxf6 Bc2 41. Be7 Ke6 42. Bf8 Kf7 43. Bd6 Ke6 44. Bf8 1/2-1/2

[Event "FB1 2223 SV Weißblau Allianz Leipzig - "]
[Site "?"]
[Date "2023.03.12"]
[Round "8.2"]
[White "Kulon, Klaudia"]
[Black "Schloffer, Jasmin-Denise"]
[Result "1-0"]
[WhiteElo "2290"]
[BlackElo "2089"]
[PlyCount "20"]
[EventDate "2023.??.??"]

1. c4 Nf6 2. Nc3 e6 3. e4 d5 4. e5 d4 5. exf6 dxc3 6. fxg7 cxd2+ 7. Qxd2 Qxd2+ 8. Bxd2 Bxg7 9. Nf3 Bd7 10. Bc3 Bxc3+ 1-0

[Event "FB1 2223 SV Weißblau Allianz Leipzig - "]
[Site "?"]
[Date "2023.03.12"]
[Round "8.3"]
[White "Butenandt, Svenja"]
[Black "Hincu, Olga"]
[Result "1-0"]
[WhiteElo "2087"]
[BlackElo "2128"]
[PlyCount "119"]
[EventDate "2023.??.??"]

1. d4 d5 2. c4 e6 3. Nc3 Nf6 4. cxd5 exd5 5. Bg5 Be7 6. e3 Nbd7 7. Bd3 O-O 8. Qc2 c6 9. Nge2 Re8 10. O-O h6 11. Bh4 Nf8 12. f3 Ne6 13. Rad1 b5 14. Kh1 Bb7 15. Bf2 Rc8 16. e4 b4 17. Na4 dxe4 18. fxe4 Qa5 19. b3 Ba6 20. Bg1 Bxd3 21. Qxd3 Ng5 22. Ng3 Qb5 23. Qb1 Bf8 24. Rf5 Qb7 25. Re1 Rcd8 26. Nb2 Qd7 27. Rf4 Ne6 28. Rxf6 gxf6 29. Nf5 Ng5 30. Ng3 Qg4 31. Nc4 Ne6 32. Ne3 Qg6 33. Nef5 Bd6 34. Nh4 Qg5 35. Ngf5 Kh8 36. g3 Qh5 37. Qc2 c5 38. d5 Ng5 39. Qg2 Ne6 40. Be3 Rg8 41. Nxh6 Rg7 42. N6f5 Rh7 43. Nxd6 Rxd6 44. Nf5 Rd8 45. dxe6 fxe6 46. Nh4 Rd1 47. Rxd1 Qxd1+ 48. Bg1 Kg7 49. Qf2 Qb1 50. Qe2 Rh6 51. Kg2 Kf7 52. Bxc5 a5 53. Bf2 f5 54. exf5 exf5 55. Qc4+ Ke7 56. Qc7+ Kf6 57. Qd6+ Kg7 58. Qe7+ Kg8 59. Qe8+ Kg7 60. Bd4+ 1-0

[Event "FB1 2223 SV Weißblau Allianz Leipzig - "]
[Site "?"]
[Date "2023.03.12"]
[Round "8.4"]
[White "Schulz, Petra"]
[Black "Dirmeier, Carolin"]
[Result "1-0"]
[WhiteElo "1994"]
[BlackElo "1936"]
[PlyCount "91"]
[EventDate "2023.??.??"]

1. e4 c5 2. Nf3 Nc6 3. d4 cxd4 4. Nxd4 Nf6 5. Nc3 e5 6. Ndb5 d6 7. Bg5 a6 8. Na3 b5 9. Nd5 Be7 10. Bxf6 Bxf6 11. c3 O-O 12. Nc2 Bg5 13. a4 bxa4 14. Rxa4 a5 15. Bc4 Rb8 16. b3 Kh8 17. Nce3 g6 18. Ra2 f5 19. exf5 gxf5 20. h4 Bh6 21. Qh5 Bg7 22. g4 e4 23. gxf5 Ne5 24. Ke2 a4 25. Rxa4 Nxc4 26. bxc4 Rb2+ 27. Kf1 Bxf5 28. Nxf5 Qd7 29. Rb4 Rxb4 30. cxb4 Rxf5 31. Qe2 Bd4 32. Rh2 Qf7 33. Rg2 e3 34. f4 Rxf4+ 35. Nxf4 Qxf4+ 36. Ke1 Bc3+ 37. Kd1 Qd4+ 38. Kc2 Bxb4 39. Qd3 Qe5 40. Kb3 Bc5 41. Qd5 Qe8 42. Qf3 Bd4 43. Ra2 Kg7 44. Qg4+ Kf8 45. Qxd4 e2 46. Qh8+ 1-0

[Event "FB1 2223 SV Weißblau Allianz Leipzig - "]
[Site "?"]
[Date "2023.03.12"]
[Round "8.5"]
[White "Giss, Helene"]
[Black "Germann, Heike"]
[Result "1-0"]
[WhiteElo "2023"]
[BlackElo "1992"]
[PlyCount "51"]
[EventDate "2023.??.??"]

1. e4 c5 2. d3 g6 3. g3 Bg7 4. Bg2 Nc6 5. f4 e6 6. Nf3 Nge7 7. O-O O-O 8. c3 d6 9. Na3 Rb8 10. Nc2 b5 11. a3 a5 12. Be3 b4 13. axb4 axb4 14. d4 bxc3 15. bxc3 cxd4 16. Ncxd4 Nxd4 17. Nxd4 Bb7 18. Rb1 d5 19. f5 e5 20. f6 Bxf6 21. Rxf6 exd4 22. Qxd4 Nc6 23. Rxc6 Bxc6 24. Rxb8 Qxb8 25. Bh6 Qb1+ 26. Bf1 1-0

[Event "FB1 2223 SV Weißblau Allianz Leipzig - "]
[Site "?"]
[Date "2023.03.12"]
[Round "8.6"]
[White "Just, Anita"]
[Black "Acarbay, Algi"]
[Result "1-0"]
[WhiteElo "1908"]
[BlackElo "1980"]
[PlyCount "73"]
[EventDate "2023.??.??"]

1. e4 c5 2. Nf3 d6 3. d4 cxd4 4. Nxd4 Nf6 5. Nc3 a6 6. Be2 e5 7. Nb3 Be7 8. O-O O-O 9. f4 Nc6 10. Kh1 b5 11. a3 Bb7 12. Qd3 Rc8 13. Nd5 Nxd5 14. exd5 Nd4 15. Nxd4 exd4 16. Bf3 Bf6 17. Bd2 Qc7 18. Rac1 Rfe8 19. Qf5 Qd8 20. Rfe1 Rxe1+ 21. Rxe1 g6 22. Qe4 Kg7 23. g4 h6 24. Qd3 Qc7 25. Be4 Re8 26. Kg1 Qc8 27. Qg3 Rxe4 28. Rxe4 Qxc2 29. Qe1 Bxd5 30. Re2 d3 31. Rf2 Qxb2 32. Bb4 Bd4 33. Kf1 Bxf2 34. Bc3+ Bd4 35. Bxb2 Bxb2 36. Qd2 Bc4 37. Qxb2+ 1-0

[Event "FB1 2223 Rodewischer Schachmiezen - SK S"]
[Site "?"]
[Date "2023.03.12"]
[Round "8.1"]
[White "Javakhishvili, Lela"]
[Black "Sieber, Fiona"]
[Result "1-0"]
[WhiteElo "2443"]
[BlackElo "2217"]
[PlyCount "53"]
[EventDate "2023.??.??"]

1. d4 Nf6 2. Nf3 g6 3. g3 d5 4. Bg2 Bg7 5. c4 c6 6. O-O O-O 7. b3 a5 8. Nc3 Ne4 9. Bb2 Bf5 10. Rc1 Nxc3 11. Rxc3 Be4 12. Bh3 dxc4 13. Ng5 Bf5 14. Bxf5 gxf5 15. Rxc4 Nd7 16. Qd3 e6 17. Nf3 Nb6 18. Rc5 Nd5 19. a3 Qf6 20. Qd2 Qh6 21. Qe1 a4 22. b4 Rfd8 23. Qd1 Bf6 24. Ra5 Nb6 25. Qc2 Qf8 26. Rb1 Rd5 27. Bc1 1-0

[Event "FB1 2223 Rodewischer Schachmiezen - SK S"]
[Site "?"]
[Date "2023.03.12"]
[Round "8.2"]
[White "Sliwicka, Alicja"]
[Black "Arabidze, Meri"]
[Result "0-1"]
[WhiteElo "2272"]
[BlackElo "2433"]
[PlyCount "144"]
[EventDate "2023.??.??"]

1. e4 c5 2. Nf3 e6 3. d4 cxd4 4. Nxd4 Nc6 5. Nc3 Qc7 6. Be3 a6 7. a3 b5 8. Nxc6 Qxc6 9. h4 Bb7 10. h5 h6 11. Bd4 Nf6 12. e5 Nd5 13. Rh3 Be7 14. Rg3 Nxc3 15. Bxc3 Qe4+ 16. Be2 Bg5 17. Rg4 Qd5 18. Bd3 O-O 19. Qe2 Qc6 20. Bd2 f5 21. exf6 Bxd2+ 22. Qxd2 Rxf6 23. O-O-O Qc5 24. Rd4 Bc6 25. f4 Qxh5 26. Be2 Qh2 27. g4 Raf8 28. f5 Qg3 29. fxe6 Rxe6 30. Bd3 Rfe8 31. Qc3 Qf2 32. Bf5 Re1 33. Qb3+ d5 34. Qc3 Qe3+ 35. Qxe3 R1xe3 36. R1d3 Kf7 37. Rf4 g5 38. Rf1 Re1+ 39. Rxe1 Rxe1+ 40. Kd2 Rg1 41. Rh3 d4 42. c3 Rg2+ 43. Kd3 dxc3 44. bxc3 Kg7 45. Re3 Bd5 46. Re7+ Kf6 47. Rh7 Rh2 48. Kd4 Bf7 49. Bc8 Rh4 50. Ke3 a5 51. Kf2 Rh3 52. Ba6 Kg6 53. Rh8 Rxc3 54. Bxb5 Rxa3 55. Ra8 Be6 56. Ra6 Kf7 57. Kg2 Bxg4 58. Rxh6 Be6 59. Rh7+ Kf6 60. Bc6 Rc3 61. Bb5 Bd5+ 62. Kg1 g4 63. Rh6+ Kg5 64. Ra6 Ra3 65. Rd6 Be4 66. Rd4 Kf5 67. Bd7+ Ke5 68. Rd1 g3 69. Bb5 Ra2 70. Re1 Rh2 71. Kf1 Rh1+ 72. Ke2 g2 0-1

[Event "FB1 2223 Rodewischer Schachmiezen - SK S"]
[Site "?"]
[Date "2023.03.12"]
[Round "8.3"]
[White "Atalik, Ekaterina"]
[Black "Theissl Pokorna, Regina"]
[Result "1/2-1/2"]
[WhiteElo "2409"]
[BlackElo "2300"]
[PlyCount "37"]
[EventDate "2023.??.??"]

1. d4 Nf6 2. c4 e6 3. Nc3 Bb4 4. e3 O-O 5. Bd2 d5 6. Nf3 c5 7. a3 Bxc3 8. Bxc3 Ne4 9. Rc1 Nxc3 10. Rxc3 cxd4 11. Nxd4 Nc6 12. cxd5 Nxd4 13. Qxd4 Qxd5 14. Qxd5 exd5 15. Be2 Be6 16. Bf3 Rac8 17. Rxc8 Rxc8 18. Kd2 Kf8 19. Rc1 1/2-1/2

[Event "FB1 2223 Rodewischer Schachmiezen - SK S"]
[Site "?"]
[Date "2023.03.12"]
[Round "8.4"]
[White "Korenova, Martina"]
[Black "Matnadze Bujiashvili, Ann"]
[Result "0-1"]
[WhiteElo "2156"]
[BlackElo "2393"]
[PlyCount "56"]
[EventDate "2023.??.??"]

1. e4 c6 2. d4 d5 3. exd5 cxd5 4. Bd3 Nc6 5. c3 Nf6 6. Na3 g6 7. Nf3 Bg7 8. O-O O-O 9. Re1 Ne8 10. Nc2 Nd6 11. Ne3 e6 12. Qc2 Bd7 13. Ng4 Rc8 14. Qe2 f6 15. h3 Nf7 16. c4 Nb4 17. c5 b6 18. Bd2 Nxd3 19. Qxd3 e5 20. dxe5 Bxg4 21. hxg4 fxe5 22. Qa6 bxc5 23. Qxa7 e4 24. Ba5 Qf6 25. Nh2 Ne5 26. Rf1 Rf7 27. Qb6 Qxb6 28. Bxb6 Nc4 0-1

[Event "FB1 2223 Rodewischer Schachmiezen - SK S"]
[Site "?"]
[Date "2023.03.12"]
[Round "8.5"]
[White "Daulyte-Cornette, Deimante"]
[Black "Kanakova, Natalie"]
[Result "1/2-1/2"]
[WhiteElo "2344"]
[BlackElo "2124"]
[PlyCount "63"]
[EventDate "2023.??.??"]

1. e4 c5 2. Nf3 g6 3. d4 cxd4 4. Nxd4 Nc6 5. c4 Nf6 6. Nc3 d6 7. Be2 Nxd4 8. Qxd4 Bg7 9. Be3 O-O 10. Qd2 Be6 11. Rc1 Qa5 12. f3 Rfc8 13. b3 a6 14. Na4 Qxd2+ 15. Kxd2 Nd7 16. g4 f5 17. exf5 gxf5 18. h3 Rf8 19. Rhd1 fxg4 20. fxg4 Ne5 21. Nb6 Rad8 22. Rf1 Rf7 23. Nd5 Rdf8 24. Rxf7 Rxf7 25. Rf1 Bd7 26. Rxf7 Kxf7 27. Bg5 e6 28. Nb4 Nc6 29. Nc2 Ne5 30. Nb4 Nc6 31. Nc2 Ne5 32. Nb4 1/2-1/2

[Event "FB1 2223 Rodewischer Schachmiezen - SK S"]
[Site "?"]
[Date "2023.03.12"]
[Round "8.6"]
[White "Kubikova, Hana"]
[Black "Ambartsumova, Karina"]
[Result "1/2-1/2"]
[WhiteElo "2067"]
[BlackElo "2399"]
[PlyCount "106"]
[EventDate "2023.??.??"]

1. d4 Nf6 2. Nf3 g6 3. g3 Bg7 4. Bg2 O-O 5. O-O d6 6. c4 c6 7. Nc3 Bf5 8. h3 Ne4 9. Nxe4 Bxe4 10. Be3 d5 11. Qb3 Qc8 12. Ne5 Bxg2 13. Kxg2 e6 14. Rac1 f6 15. Nf3 Nd7 16. cxd5 exd5 17. Qd3 Nb6 18. b3 Qe6 19. Rfe1 Rae8 20. Bd2 Nc8 21. a4 a6 22. Bb4 Rf7 23. e3 Bf8 24. Bxf8 Rfxf8 25. Rf1 Nd6 26. Nh4 Kg7 27. Rce1 Ne4 28. Nf3 Qf5 29. Rd1 Qe6 30. Rde1 Re7 31. Qc2 h5 32. Rc1 g5 33. Rh1 Rfe8 34. Rhe1 Rh8 35. Rh1 Kf7 36. Rce1 Qf5 37. Rc1 Qe6 38. Rce1 Ree8 39. Rd1 Reg8 40. Nd2 Nd6 41. Rhe1 Re8 42. Qd3 Kg7 43. Qc2 f5 44. Nf3 Nf7 45. h4 Qf6 46. Rh1 g4 47. Ng1 f4 48. gxf4 Nd6 49. Ne2 Kh6 50. Ng3 Rhf8 51. Rde1 Re7 52. Qd3 Rfe8 53. Rhf1 Ne4 1/2-1/2

[Event "FB1 SC 1957 Bad Königshofen - Hamburge"]
[Site "?"]
[Date "2023.03.12"]
[Round "8.1"]
[White "Socko, Monika"]
[Black "Schneider, Jana"]
[Result "1-0"]
[WhiteElo "2420"]
[BlackElo "2323"]
[PlyCount "97"]
[EventDate "2023.??.??"]

1. d4 d5 2. Nf3 Nf6 3. g3 e6 4. Bg2 Be7 5. O-O O-O 6. b3 b5 7. a4 b4 8. c4 bxc3 9. Nxc3 a5 10. Bf4 Na6 11. Qd2 Bb7 12. Rfc1 c6 13. Ne5 Nh5 14. Be3 Rc8 15. Qe1 c5 16. Nb5 cxd4 17. Rxc8 Qxc8 18. Bxd4 Bb4 19. Qd1 Nf6 20. Rc1 Qa8 21. Nd3 Be7 22. Qd2 Nb4 23. Bc5 Nxd3 24. exd3 Bxc5 25. Rxc5 Rc8 26. d4 Rxc5 27. dxc5 Nd7 28. b4 Bc6 29. Bf1 h6 30. Nc7 Qa7 31. Nb5 Qb7 32. bxa5 Nxc5 33. Qd4 Nd7 34. Qc3 Nb8 35. Qc5 Nd7 36. Qd6 e5 37. a6 Qxa6 38. Nd4 Qxa4 39. Nxc6 Nf6 40. Nxe5 Qa7 41. Qd8+ Kh7 42. Bd3+ Ne4 43. Bxe4+ dxe4 44. Qd5 Qa1+ 45. Kg2 Qe1 46. Nxf7 e3 47. Qe4+ Kg8 48. Qe8+ Kh7 49. Qxe3 1-0

[Event "FB1 SC 1957 Bad Königshofen - Hamburge"]
[Site "?"]
[Date "2023.03.12"]
[Round "8.2"]
[White "Kiolbasa, Oliwia"]
[Black "Papp, Sarah"]
[Result "1/2-1/2"]
[WhiteElo "2410"]
[BlackElo "2290"]
[PlyCount "64"]
[EventDate "2023.??.??"]

1. e4 c5 2. Nf3 e6 3. d4 cxd4 4. Nxd4 Nc6 5. Nc3 a6 6. Be3 Nf6 7. a3 d6 8. f4 Be7 9. Qf3 e5 10. Nxc6 bxc6 11. fxe5 dxe5 12. Bc4 Bg4 13. Qf2 O-O 14. O-O Bh5 15. h3 a5 16. Rae1 Rb8 17. Bb3 Rb7 18. Bc5 Bg6 19. Bxe7 Qxe7 20. Qe3 Rd8 21. Rd1 h6 22. Kh2 Rbd7 23. Rxd7 Rxd7 24. Qb6 Kh7 25. Qxc6 Rd2 26. Qb6 Nxe4 27. Bxf7 Rxg2+ 28. Kxg2 Qg5+ 29. Kh1 Ng3+ 30. Kg1 Ne4+ 31. Kh1 Ng3+ 32. Kg1 Ne4+ 1/2-1/2

[Event "FB1 SC 1957 Bad Königshofen - Hamburge"]
[Site "?"]
[Date "2023.03.12"]
[Round "8.3"]
[White "Fuchs, Judith"]
[Black "Melamed, Tatjana"]
[Result "0-1"]
[WhiteElo "2235"]
[BlackElo "2391"]
[PlyCount "62"]
[EventDate "2023.??.??"]

1. b3 e5 2. Bb2 Nc6 3. e3 Nf6 4. c4 d5 5. cxd5 Nxd5 6. a3 Bd6 7. Qc2 O-O 8. Nf3 Qe7 9. d3 f5 10. Nbd2 Kh8 11. b4 a6 12. Be2 Bd7 13. O-O Rf6 14. g3 Rg6 15. Kh1 f4 16. e4 fxg3 17. hxg3 Qe6 18. exd5 Qh3+ 19. Kg1 e4 20. Ng5 Rxg5 21. Nxe4 Rxd5 22. Bf3 Bg4 23. Bg2 Qh5 24. Rfe1 Be5 25. Bxe5 Nxe5 26. Nd2 Rxd3 27. Qxc7 Be2 28. g4 Qxg4 29. Qxe5 Rxd2 30. f3 Qh4 31. Bf1 Bb5 0-1